[Event "Uljanovsk-ch"]
[Site "Uljanovsk"]
[Date "2009.03.28"]
[Round "9"]
[White "Shirshova, Alena"]
[Black "Galaev, Artem"]
[Result "1-0"]
[WhiteElo "1822"]
[BlackElo "1691"]
[PlyCount "49"]
[EventDate "2009.03.14"]
[EventType "swiss"]
[EventRounds "9"]
[EventCountry "RUS"]
[SourceTitle "EXT 2010"]
[Source "ChessBase"]
[SourceDate "2010.11.25"]
[SourceVersion "1"]
[SourceVersionDate "2010.11.25"]
[SourceQuality "1"]

1. e4 e6 2. d4 d5 3. e5 c5 4. c3 Nc6 5. Nf3 Qb6 6. Bd3 cxd4 7. cxd4 Bd7 8. Bc2 Nge7 9. 0-0 Ng6 10. Nc3 Be7 11. Na4 Qd8 12. Ne1 0-0 13. f4 f5 14. Nf3 Rc8 15. Be3 Nb4 16. Bb1 Bb5 17. Rf2 Qa5 18. Nc3 Ba6 19. g3 Rc6 20. h4 Rfc8 21. h5 Nf8 22. a3 Nd7 23. g4 fxg4 24. axb4 Qxa1 25. Bxh7+ 1-0

[Event "Uljanovsk-ch"]
[Site "Uljanovsk"]
[Date "2009.03.21"]
[Round "8"]
[White "Abdurahmanov, Afer"]
[Black "Galaev, Artem"]
[Result "1/2-1/2"]
[WhiteElo "1798"]
[BlackElo "1691"]
[PlyCount "88"]
[EventDate "2009.03.14"]
[EventType "swiss"]
[EventRounds "9"]
[EventCountry "RUS"]
[SourceTitle "EXT 2010"]
[Source "ChessBase"]
[SourceDate "2010.11.25"]
[SourceVersion "1"]
[SourceVersionDate "2010.11.25"]
[SourceQuality "1"]

1. g3 d5 2. Bg2 Nc6 3. b3 e5 4. Bb2 f6 5. Nf3 Be6 6. d3 Qd7 7. 0-0 0-0-0 8. c4 dxc4 9. bxc4 Bh3 10. Nbd2 Bxg2 11. Kxg2 Nge7 12. Ne4 Nf5 13. a4 Be7 14. a5 a6 15. Qb3 Ncd4 16. Bxd4 Nxd4 17. Nxd4 exd4 18. Rab1 c5 19. Rb2 Qc6 20. f3 Rhe8 21. Rfb1 Rd7 22. Qa3 Rc7 23. Rb6 Qd7 24. Qb2 f5 25. Rxa6 Kb8 26. Nf2 Rc6 27. Rb6 Rxb6 28. axb6 Qc6 29. Nh3 g5 30. Re1 Bd8 31. Rb1 h6 32. Nf2 Re6 33. Nd1 Qxb6 34. Kf2 Qxb2 35. Rxb2 Ba5 36. e3 dxe3+ 37. Ke2 Bd2 38. Rb1 Kc7 39. Nb2 b6 40. f4 gxf4 41. gxf4 Rg6 42. Kf3 Kb7 43. Nd1 Re6 44. Ke2 Kc7 1/2-1/2

[Event "Uljanovsk"]
[Site "Uljanovsk"]
[Date "2009.01.08"]
[Round "10"]
[White "Galaev, Artem"]
[Black "Kolosov, Anatoly G1111"]
[Result "0-1"]
[WhiteElo "1677"]
[BlackElo "1927"]
[PlyCount "62"]
[EventDate "2009.01.02"]
[EventType "tourn"]
[EventRounds "15"]
[EventCountry "RUS"]
[SourceTitle "EXT 2012"]
[Source "ChessBase"]
[SourceDate "2011.11.24"]
[SourceVersion "1"]
[SourceVersionDate "2011.11.24"]
[SourceQuality "1"]

1. e4 Nf6 2. e5 Nd5 3. d4 d6 4. Nf3 Bg4 5. Bc4 e6 6. 0-0 Be7 7. exd6 Qxd6 8. c3 0-0 9. Nbd2 Nc6 10. h3 Bh5 11. Ne4 Qd8 12. Ng3 Bg6 13. Bd3 f5 14. Re1 Bf7 15. Qe2 Bf6 16. Bd2 Qd6 17. Ne5 Bxe5 18. dxe5 Qe7 19. Rad1 Rad8 20. Bc2 f4 21. Nf1 f3 22. gxf3 Qh4 23. Kh2 Bh5 24. Be4 Nxe5 25. Bxd5 Rxd5 26. Ng3 Nxf3+ 27. Kg2 Nxe1+ 28. Qxe1 Bf3+ 29. Kh2 Bg4 30. Qf1 Bxd1 31. Qxd1 Rxf2+ 0-1

[Event "Uljanovsk"]
[Site "Uljanovsk"]
[Date "2009.01.02"]
[Round "1"]
[White "Galaev, Artem"]
[Black "Abdurahmanov, Afer"]
[Result "0-1"]
[WhiteElo "1677"]
[BlackElo "1798"]
[PlyCount "86"]
[EventDate "2009.01.02"]
[EventType "tourn"]
[EventRounds "15"]
[EventCountry "RUS"]
[SourceTitle "EXT 2012"]
[Source "ChessBase"]
[SourceDate "2011.11.24"]
[SourceVersion "1"]
[SourceVersionDate "2011.11.24"]
[SourceQuality "1"]

1. e4 d5 2. exd5 Qxd5 3. Nc3 Qd8 4. Bc4 e5 5. Nf3 Bd6 6. d3 h6 7. h3 Nf6 8. 0-0 Bd7 9. Re1 Nc6 10. d4 Qe7 11. dxe5 Nxe5 12. Nxe5 Bxe5 13. Bf4 0-0-0 14. Bxe5 Qb4 15. Bxf6 gxf6 16. Bb3 Bxh3 17. Qf3 Bd7 18. Qxf6 Bc6 19. Re3 Rhg8 20. Rg3 Rxg3 21. fxg3 Qc5+ 22. Qf2 Qg5 23. Re1 f5 24. Qf4 Qh5 25. Re7 Rd6 26. Rf7 b6 27. Rf8+ Kb7 28. Rxf5 Qe8 29. Re5 Qd8 30. a3 Rd2 31. Re2 Rxe2 32. Nxe2 Qd1+ 33. Qf1 Qd2 34. Nc3 Qe3+ 35. Qf2 Qc1+ 36. Kh2 Qxb2 37. Bd5 Qxc3 38. Bxc6+ Qxc6 39. Qf3 a5 40. Kh3 b5 41. Kh4 a4 42. Kh5 Kb6 43. Qe3+ Ka6 0-1

[Event "Uljanovsk-ch op fin"]
[Site "Uljanovsk"]
[Date "2008.03.10"]
[Round "4"]
[White "Kolosov, Anatoly G1111"]
[Black "Galaev, Artem"]
[Result "1-0"]
[WhiteElo "1949"]
[BlackElo "1657"]
[PlyCount "41"]
[EventDate "2008.03.09"]
[EventType "swiss"]
[EventRounds "9"]
[EventCountry "RUS"]
[SourceTitle "EXT 2022"]
[Source "ChessBase"]
[SourceDate "2021.10.06"]
[SourceVersion "1"]
[SourceVersionDate "2021.10.06"]
[SourceQuality "1"]

1. e4 c5 2. Nf3 Nc6 3. d4 cxd4 4. Nxd4 Nf6 5. Nc3 e5 6. Nb3 Bb4 7. Bd3 d5 8. exd5 Nxd5 9. Bd2 Nxc3 10. bxc3 Bd6 11. 0-0 0-0 12. f4 exf4 13. Bxf4 Qc7 14. Bxd6 Qd8 15. Bxf8 Qxf8 16. Qe2 Bd7 17. Bxh7+ Kxh7 18. Qd3+ g6 19. Qxd7 Kg7 20. Nd4 Ne5 21. Ne6+ 1-0